Canciones de Michael Jackson - ¡Muerte súbita! - Estadísticas

Estadísticas generales
  • Esta prueba ha sido intentada 267 veces
  • La puntuación promedio es 10 de 20
Answers on the Grid
Answers color-coded by a green-red scale on the quiz's grid according to % correct below.
Namibian Girl
No Can Do
In the Closet
They Don't Care About Us
Power of Love
Off The Rails
You Are Not Alone
Rock with You
Earth Song
Man in the Mirror
Smooth Criminal
Rhythm Nation
Moonwalker
Wanna Be Startin' Somethin'
Don't Stop 'Til You Get Enough
Bad
Remember the Time
Ms. Jackson
P.Y.T. (Pretty Young Thing)
Purple Rain
Ghouls
Like a Virgin
Scream
Stranger in Costco
Thriller
Billie Jean
B.L.T. (Bacon Lettuce Tomato)
Beat It
Black or White
Heal the World
Neverland
You Rock My World
Dirty Diana
 
Estadísticas de respuestas
Respuesta % Correcto
Thriller
79%
Beat It
77%
Bad
75%
Billie Jean
75%
Smooth Criminal
74%
Black or White
69%
They Don't Care About Us
60%
Dirty Diana
54%
Man in the Mirror
53%
Earth Song
48%
Don't Stop 'Til You Get Enough
44%
Heal the World
40%
Rock with You
40%
You Rock My World
40%
Remember the Time
37%
P.Y.T. (Pretty Young Thing)
36%
You Are Not Alone
36%
Scream
34%
Wanna Be Startin' Somethin'
34%
In the Closet
21%
No se encontraron pruebas coincidentes
Distribución de puntuación
Porcentaje de gente con cada puntuación
Porcentaje por número respondido
Historial de tus puntuaciones
No has intentado esta prueba.